ბათუმის შოთა რუსთაველის სახელმწიფო უნივერსიტეტის ბიბლიოთეკა

პირველი ქართული კოსმოსური ობიექტი და მისი გენერალური კონსტრუქტორი : (ბიბ.ჩანაწერი № 37743)

000 -ლიდერი
ფიქსირებული სიგრძის საკონტროლო ველი 02395nam a2200277Ia 4500
001 - საკონტროლო ნომერი
საკონტროლო ველი 3719
003 - საკონტროლო ნომრის იდენტიფიკატორი
საკონტროლო ველი GE_BSU
005 - ბოლო ოპერაციის თარიღი და დრო
საკონტროლო ველი 20190627212638.0
008 - ფიქსირებული სიგრძის მონაცემთა ელემენტები - ზოგადი ინფორმაცია
ფიქსირებული სიგრძის საკონტროლო ველი 181216s2010||||ge |||||||||||||| ||g ||
020 ## - წიგნის საერთაშორისო სტანდარტული ნომერი
International Standard Book Number 9789941149023
040 ## - კატალოგიზაციის წყარო
Transcribing agency GE_BSU
041 ## - ენის კოდი
Language code of text/sound track or separate title geo
080 ## - უნივერსალური ათობითი კლასიფიკაციის ინდექსი
Universal Decimal Classification number 629.78+623+355 პ–38
245 ## - ცნობა სათაურის შესახებ
Title პირველი ქართული კოსმოსური ობიექტი და მისი გენერალური კონსტრუქტორი :
Remainder of title საქართველოს მეცნიერებათა ეროვნული აკადემიის წევრ-კორესპონდენტის, სამხედრო მეცნიერებათა დოქტორის, ტექნიკის მეცნიერებათა დოქტორის, პროფესორის, გენერალ-მაიორ ელგუჯა მეძმარიაშვილის სამეცნიერო და აკადემიური მოღვაწეობა კოსმოსური მექანიკის, სამხედრო-ტექნიკური მეცნიერებების და სამხედრო-საინჟინრო მეცნიერებების დარგებში : მომზადებულია 2010 წლის 25 სექტემბრის მონაცემებით /
Statement of responsibility, etc სტუ ; სარედ. ჯგ.: ნოდარ წიგნაძე და სხვ.
264 ## - წარმოების, გამოცემის, დისტრიბუციის და სხვა ცნობები
გამოცემის, წარმოების, დისტრიბუციის... ადგილი თბილისი :
გამოცემის, წარმოების, დისტრიბუციის... სახელწოდება სტუ ;
გამოცემის, წარმოების, დისტრიბუციის... თარიღი 2010.
300 ## - ფიზიკური აღწერა
Extent 471 გვ.
Other physical details 21 სმ.
600 ## - SUBJECT ADDED ENTRY--PERSONAL NAME
Personal name მეძმარიაშვილი ელგუჯა
9 (RLIN) 3032
653 ## - INDEX TERM--UNCONTROLLED
Uncontrolled term რეფლექტორული ანტენები
653 ## - INDEX TERM--UNCONTROLLED
Uncontrolled term ქართველი კონსტრუქტორები
700 ## - ADDED ENTRY--PERSONAL NAME
Personal name წიგნაძე, ნოდარ
Relator term რედაქტორი
9 (RLIN) 3033
700 ## - ADDED ENTRY--PERSONAL NAME
Personal name ბედუკაძე, გურამ
Relator term რედაქტორი
9 (RLIN) 3034
700 ## - ADDED ENTRY--PERSONAL NAME
Personal name გოგილაშვილი, ვახტანგ
Relator term რედაქტორი
9 (RLIN) 3035
700 ## - ADDED ENTRY--PERSONAL NAME
Personal name ჩხიკვაძე, კონსტანტინე და სხვ.
Relator term რედაქტორი
9 (RLIN) 3036
710 ## - ADDED ENTRY--CORPORATE NAME
Corporate name or jurisdiction name as entry element სტუ
9 (RLIN) 3037
942 ## - ADDED ENTRY ELEMENTS (KOHA)
Koha item type წიგნი
Source of classification or shelving scheme
ეგზემპლარები
ჩამოწერის სტატუსი დაკარგული ეგზემპლარის სტატუსი კლასიფიკაციის წყარო ან თაროზე გაწყობის სქემა დაზიანების სტატუსი არ გაიცემა მუდმივი მდებარეობა (დაცვის ადგილი) ამჟამინდელი ადგილსამყოფელი თაროზე განთავსების ადგილი შეძენის თარიღი სრული შენახვის შიფრი შტრიხკოდი ბოლო ოპერაციის თარიღი ეგზემპლარის მიმდევრობითი ნომერი (კეტერი?) ფასის ძალაში შესვლის თარიღი ეგზემპლარის სახეობა საჯარო შენიშვნა
          ბათუმის შოთა რუსთაველის სახელმწიფო უნივერსიტეტის მთავარი ბიბლიოთეკა ბათუმის შოთა რუსთაველის სახელმწიფო უნივერსიტეტის მთავარი ბიბლიოთეკა წიგნსაცავი 2018-12-17 629.78+623+355 პ–38 5278 2018-12-17 5278 2018-12-17 წიგნი